| 000 | 02588cam a2200457 i 4500 | ||
|---|---|---|---|
| 001 | ocn858606567 | ||
| 003 | TZ-ArACH | ||
| 005 | 20210929133717.0 | ||
| 008 | 131125s2013 enk f b 001 0 eng c | ||
| 010 | _a 2013417277 | ||
| 016 | 7 |
_a016308982 _2Uk |
|
| 020 | _a9781849462631 (hbk.) | ||
| 020 | _a1849462631 (hbk.) | ||
| 035 | _a(OCoLC)858606567 | ||
| 040 |
_aStDuBDS _beng _erda _cTZ-ArACH |
||
| 041 | 1 |
_aeng _hfre |
|
| 042 | _apcc | ||
| 049 | _aTZAA | ||
| 050 | 0 | 0 |
_aKZ6277 _b.K65 |
| 100 | 1 |
_aKolb, Robert, _eauthor. _914840 |
|
| 240 | 1 | 0 |
_aCour international de justice. _lEnglish |
| 245 | 1 | 4 |
_aInternational Court of Justice / _cRobert Kolb. |
| 260 |
_aOxford ; _aPortland, Oregon : _bHart Publishing, _c2013. |
||
| 300 |
_aliii, 1307 pages ; _c25 cm |
||
| 500 | _a"Translated and lightly updated from the French original, R. Kolb, La cour international de justice (Paris, Pedone, 2013), by Alan Perry"--Half title page. | ||
| 504 | _aIncludes bibliographical references (pages 1275-1281) and index. | ||
| 505 | 0 | 0 |
_tInitial observations on the peaceful resolution of international disputes -- _tOrigins and environment of the International Court of Justice at The Hague -- _tThe texts governing the court's activities -- _tComposition of the court -- _tContentious procedure : inter-state disputes -- _tGeneral principles applicable to contentious proceedings -- _tProcedural aspects of contentious cases -- _tAdvisory opinion procedure : opinions given to certain organs of, or affiliated to, the United Nations -- _tGeneral principles governing the court's contentious and advisory procedures -- _tThe court's jurisprudence and its current trends -- _gMiscellaneous questions -- _gConclusion: _tThe future of the International Court of Justice. |
| 520 | 8 | _aThis title, by an academic authority on international law who also appears as an advocate before the Court, examines the Statute of the Court, its procedures, conventions and practices. | |
| 546 | _aIn English and French. | ||
| 610 | 2 | 0 |
_aInternational Court of Justice _xRules and practice. _914841 |
| 610 | 2 | 4 |
_aInternational Court of Justice. _914842 |
| 610 | 2 | 7 |
_aInternational Court of Justice. _2fast _914843 |
| 610 | 2 | 7 |
_aCour internationale de justice _914844 |
| 650 | 7 |
_aCIJ = Cour internationale de justice. _2eclas _914845 |
|
| 650 | 7 |
_aInternational Court of Justice _2Legal Proceedings _914846 |
|
| 650 | 7 |
_aProcédure judiciaire. _2eclas _914847 |
|
| 650 | 7 |
_aLaw. _2ukslc _914848 |
|
| 655 | 7 |
_aRules. _2fast _914849 |
|
| 700 | 1 |
_aPerry, Alan _c(Lawyer), _etranslator. _914850 |
|
| 942 |
_2lcc _cBOOK |
||
| 999 |
_c2976 _d2976 |
||